=LDR 00000nam 2200000 4500 =001 INLIS000000000050674 =005 20170512023026 =035 ##$$a 0010-0517000327 =007 ta =008 170512###########################0###### =020 ##$$a 978-602-0806-81-5 =082 ##$$a 390.003 =084 ##$$a 390.003 LAE s =100 #$$a Laelarasati =245 1#$$a Seratus Satu Budaya Unik dan Aneh Dunia /$c Laelarasati =260 ##$$a Yogyakarta :$b Laksana Kidz,$c 2015 =300 ##$$a 110 hlm. : $b Ilus ; $c 27 cm. =650 ##$$a KEBIASAAN =990 ##$$a 83538353 =990 ##$$a 83538353 =990 ##$$a 31700291 =990 ##$$a 02201708353 =990 ##$$a 31700292 =990 ##$$a 31700291